| 000 | 02268nam0a2200421 i 4500 | ||
|---|---|---|---|
| 001 | RU\NLR\bibl\1888147 | ||
| 005 | 20260405202555.0 | ||
| 010 |
_a9785862292459 _9100 |
||
| 021 |
_aRU _b2012-16666 _91252 |
||
| 035 | _a(nilc)RSL-KNO-005405777 | ||
| 035 | _a(NLR Aleph) 001877858 | ||
| 090 |
_a2749780 _c2749780 |
||
| 100 | _a20120319d2011 u y0rusy50 ca | ||
| 101 | 0 | _arus | |
| 102 | _aRU | ||
| 105 | _aa ||||||||| | ||
| 200 | 1 |
_aРазвитие готовности к профессиональному творчеству у будущих учителей _eмонография _fТарасова В. Н., Рубашенко С.А., Семено А.А., Ташина Т.М. _gМ-во образования и науки Рос. Федерации, Федер. гос. бюджет. образоват. учреждение высш. проф. образования "Шуйский гос. пед. ун-т", ФЦП "Науч. и науч.-пед. кадры инновац. России" на 2009-2013 годы |
|
| 210 |
_aШуя _cИзд-во ШГПУ _d2011 |
||
| 215 |
_a270 с. _cил., табл. _d21 |
||
| 320 | _aБиблиогр.: с. 231-250 (297 назв.) и в подстроч. примеч. | ||
| 606 | 1 |
_aВысшие педагогические учебные заведения _xПреподавание _xАкмеологический подход _92124613 _3RU\NLR\auth\661586290 |
|
| 606 |
_aПедагогическое творчество _91062420 _3RU\NLR\auth\66412454 |
||
| 610 | 0 | _aакмеологические технологии | |
| 686 |
_aЧ489.511,6(2)2,0 _2rubbk |
||
| 686 | _aЧ489.511.25 | ||
| 686 | _aЧ314.21 | ||
| 701 | 1 |
_4070 _8rus _7ca _aТарасова _bВ. Н. _cканд. пед. наук _gВалентина Никифоровна _3RU\NLR\auth\7790040 _972967 |
|
| 701 | 1 |
_aРубашенко _bС. А. _4070 |
|
| 701 | 1 |
_aСемено _bА. А. _gАнастасия Александровна _4070 |
|
| 701 | 1 |
_aТашина _bТ. М. _gТатьяна Михайловна _4070 |
|
| 801 | 0 |
_aRU _bRuMoRKP _c20120319 _grcr |
|
| 801 | 1 |
_aRU _bРГБ _c20120319 |
|
| 801 | 2 |
_aRU _bNLR _c20120405 _grcr |
|
| 830 | _aавт. по эк | ||
| 942 | _cBOOK | ||
| 980 | _aNBR | ||